Between Silence and Light : Spirit in The Architecture of Louis I. Kahn /
שמור ב:
| מחבר ראשי: | |
|---|---|
| פורמט: | ספר |
| שפה: | אנגלית |
| נושאים: | |
| תגים: |
אין תגיות, היה/י הראשונ/ה לתייג את הרשומה!
|
MARC
| LEADER | 00000nam^a2200000^a^4500 | ||
|---|---|---|---|
| 001 | 000189520 | ||
| 005 | 20250521000000.0 | ||
| 009 | 20260310102415.381 | ||
| 020 | |a 0-394-73687-7 | ||
| 037 | |a Acervo ITESO - Biblioteca | ||
| 041 | |a ING | ||
| 082 | |a 720. 1 |b LOB | ||
| 100 | |a Lobell, John |e (autor) | ||
| 245 | 1 | 0 | |a Between Silence and Light : |b Spirit in The Architecture of Louis I. Kahn / |c J. Lobell. |
| 264 | |a Boston, EUA : |b Shambhala, |c 1985 | ||
| 300 | |a 120 p. | ||
| 336 | |a texto |b txt |2 rdacontenido | ||
| 337 | |a sin mediación |b n |2 rdamedio | ||
| 338 | |a volumen |b nc |2 rdasoporte | ||
| 649 | |a XX | ||
| 650 | |a Arquitectura - |x Filosofía - |x Tema Principal | ||
| 650 | |a Arquitectura Moderna - |x Historia y Crítica | ||
| 650 | |a Arquitectura - |x Teoría | ||
| 650 | |a Estética | ||
| 650 | |a Arte Moderno - |x Historia y Crítica | ||
| 650 | |a Arte - |x Teoría | ||
| 910 | |a Fondo Julio de la Peña Lomelín | ||
| 920 | |a Impresos - Libros | ||
| 930 | |a Arquitectos Jaliscienses | ||
| 905 | |a 115 | ||
| 901 | |a 0500132721 |b IT1 |c JAL |u 20250521 | ||
| 902 | |a https://opac.biblio.iteso.mx/vufind/Record/000189520 | ||